Il diritto comune e la tradizione giuridica europea
محفوظ في:
| المؤلف الرئيسي: | |
|---|---|
| التنسيق: | كتاب |
| اللغة: | الإيطالية |
| منشور في: |
Perugia
Librería Universitaria
1980
|
| الموضوعات: | |
| الوسوم: |
إضافة وسم
لا توجد وسوم, كن أول من يضع وسما على هذه التسجيلة!
|
MARC
| LEADER | 00000nam a2200000 a 4500 | ||
|---|---|---|---|
| 001 | UCO3032 | ||
| 003 | CL-VaPUC | ||
| 005 | 20211223074352.0 | ||
| 008 | 000610e19800000it 1 ita d | ||
| 082 | 0 | 4 | |a 340.57 |b SEG |2 21 |
| 100 | 1 | |a Segoloni, Danilo |e author |9 619749 | |
| 245 | 1 | 3 | |a Il diritto comune e la tradizione giuridica europea |
| 260 | |a Perugia |b Librería Universitaria |c 1980 | ||
| 300 | |a 441 p | ||
| 583 | |a last modification |c 20000610 00:00:00 |k Rodrigo Vera | ||
| 650 | 0 | 0 | |a Derecho común |9 376758 |
| 942 | |c BK | ||
| 945 | |a vberengu |d 20000610 00:00:00 | ||
| 546 | |a En Italiano | ||
| 536 | |a Università Degli Studi di Perugia | ||
| 518 | |p Atti del Convegno di Studi in onore di Giuseppe Ermini. Perugia, 30-31 ottobre 1976 | ||
| 999 | |c 383564 |d 383562 | ||
| 952 | |0 0 |1 0 |4 0 |6 340_570000000000000_SEG_1980 |7 0 |8 DER_HIS |9 505718 |a BIBDER |b BIBDER |d 2020-01-23 |i 3591778 |l 2 |o 340.57 SEG 1980 |p 3591778 |r 2023-01-25 |s 2021-10-11 |w 2020-01-23 |x Ubicación 4to Piso |y BK |z Estos recursos deben solicitarse con anticipación |k DER | ||